000 00390nam a2200169Ia 4500
001 7382
003 IN-NITTTR
005 20251114233028.0
008 251113s9999||||xx |||||||||||||| ||eng||
040 _beng
040 _cIN-NITTTR
041 _aeng
082 _a530.143 G142Q
100 _aGasiorowicz, Stephen
245 0 _aQuantum physics /
_cGasiorowicz, Stephen
942 _2ddc
_cBK
999 _c10020
_d10020